[Event "BIH-chT (Women)"]
[Site "Neum"]
[Date "2024.09.03"]
[Round "4.3"]
[White "Nesic, Dragana"]
[Black "Tomic, Jelena"]
[Result "1/2-1/2"]
[WhiteElo "1942"]
[BlackElo "1966"]
[PlyCount "84"]
[EventDate "2024.09.01"]
[EventType "team-tourn"]
[EventRounds "5"]
[EventCountry "BIH"]
[SourceTitle "EXT 2025"]
[Source "ChessBase"]
[SourceDate "2024.10.14"]
[SourceVersion "1"]
[SourceVersionDate "2024.10.14"]
[SourceQuality "1"]

1. e4 d5 2. exd5 Qxd5 3. Nc3 Qa5 4. d4 c6 5. Nf3 Nf6 6. Bc4 Bg4 7. h3 Bh5 8. 0-0 e6 9. Qd3 Bg6 10. Qe2 Bb4 11. Nd1 Nbd7 12. c3 Bd6 13. Re1 0-0 14. Ne5 c5 15. Nxg6 hxg6 16. dxc5 Qxc5 17. a4 Ne5 18. Ba2 a5 19. Be3 Qc6 20. f4 Ned7 21. Bc4 Nb6 22. Bb5 Qc7 23. g3 e5 24. Qf3 Nbd5 25. fxe5 Bxe5 26. Bf2 Bd6 27. Ne3 Nb6 28. Re2 Bc5 29. Rd1 Nc8 30. Nd5 Nxd5 31. Rxd5 Bxf2+ 32. Qxf2 Nd6 33. Rc5 Qb6 34. Re7 Rad8 35. Rce5 Qxf2+ 36. Kxf2 b6 37. Rc7 Nxb5 38. Rxb5 Rfe8 39. Rxb6 Rd2+ 40. Kf3 Rd3+ 41. Kf2 Rd2+ 42. Kf3 Rd3+ 1/2-1/2

[Event "Banja Luka op-B"]
[Site "Banja Luka"]
[Date "2024.04.28"]
[Round "5"]
[White "Pejic, Vladislav"]
[Black "Tomic, Jelena"]
[Result "1/2-1/2"]
[WhiteElo "1824"]
[BlackElo "1976"]
[PlyCount "36"]
[EventDate "2024.04.26"]
[EventType "swiss"]
[EventRounds "5"]
[EventCountry "BIH"]
[SourceTitle "CBM 220 Extra"]
[Source "ChessBase"]
[SourceDate "2024.07.31"]
[SourceVersion "1"]
[SourceVersionDate "2024.07.31"]
[SourceQuality "1"]

1. d4 Nf6 2. Bf4 e6 3. e3 d5 4. Nf3 Be7 5. Bd3 0-0 6. 0-0 Nbd7 7. Nbd2 c5 8. c3 b6 9. h3 Bb7 10. Ne5 Re8 11. Bh2 Nxe5 12. Bxe5 Nd7 13. Bh2 Bf8 14. f4 g6 15. Nf3 Bg7 16. Ne5 f6 17. Nxd7 Qxd7 18. h4 f5 1/2-1/2

[Event "BIH-chT (Women) 17th"]
[Site "Tuzla"]
[Date "2019.06.08"]
[Round "1.4"]
[White "Tomic, Jelena"]
[Black "Mikic, Ivana"]
[Result "1/2-1/2"]
[WhiteElo "1884"]
[BlackElo "1835"]
[PlyCount "45"]
[EventDate "2019.06.08"]
[EventType "team-tourn"]
[EventRounds "3"]
[EventCountry "BIH"]
[SourceTitle "EXT 2020"]
[Source "ChessBase"]
[SourceDate "2019.10.17"]
[SourceVersion "1"]
[SourceVersionDate "2019.10.17"]
[SourceQuality "1"]
[WhiteTeam "Trebinje Leotar (W)"]
[BlackTeam "Zenica Napredak (W)"]
[WhiteTeamCountry "BIH"]
[BlackTeamCountry "BIH"]

1. e4 e5 2. Nf3 Nc6 3. Bb5 Nf6 4. 0-0 Nxe4 5. Re1 Nd6 6. Nxe5 Nxe5 7. Rxe5+ Be7 8. Ba4 0-0 9. d4 Bf6 10. Re1 Nf5 11. c3 d5 12. Nd2 Nd6 13. Bc2 Bf5 14. Bxf5 Nxf5 15. Nf3 Re8 16. Rxe8+ Qxe8 17. Bf4 c6 18. Qd3 Nh4 19. Ne5 Bxe5 20. Bxe5 Qe6 21. Kf1 Re8 22. Qd2 f6 23. Bf4 1/2-1/2

[Event "Olympiad Women-43"]
[Site "Batumi"]
[Date "2018.09.25"]
[Round "2.9"]
[White "Tomic, Jelena"]
[Black "Batchimeg, Tuvshintugs"]
[Result "0-1"]
[WhiteElo "1921"]
[BlackElo "2367"]
[PlyCount "48"]
[EventDate "2018.09.24"]
[EventType "team-swiss"]
[EventRounds "11"]
[EventCountry "GEO"]
[SourceTitle "EXT 2020"]
[Source "ChessBase"]
[SourceDate "2019.10.17"]
[SourceVersion "1"]
[SourceVersionDate "2019.10.17"]
[SourceQuality "1"]
[WhiteTeam "Bosnia&Herzegovina (W)"]
[BlackTeam "Mongolia (W)"]
[WhiteTeamCountry "BIH"]
[BlackTeamCountry "MGL"]

1. e4 e6 2. d4 d5 3. e5 c5 4. c3 Nc6 5. Nf3 Bd7 6. Be2 f6 7. 0-0 Qc7 8. Re1 fxe5 9. Nxe5 Nxe5 10. dxe5 0-0-0 11. c4 d4 12. Bd3 Nh6 13. Qe2 Be7 14. Qh5 Qb6 15. Na3 Nf5 16. Rb1 Rdf8 17. Bd2 Bc6 18. Be4 Bxe4 19. Rxe4 Qc6 20. Qe2 d3 21. Qe1 a6 22. b4 cxb4 23. Bxb4 Bxb4 24. Rxb4 d2 0-1

[Event "Srpska Republic-chT 1st League"]
[Site "Banja Dvorovi"]
[Date "2018.08.11"]
[Round "8.4"]
[White "Tomic, Jelena"]
[Black "Tomic, Zeljko"]
[Result "1-0"]
[WhiteElo "1843"]
[BlackElo "1873"]
[PlyCount "67"]
[EventDate "2018.08.04"]
[EventType "team-tourn"]
[EventRounds "9"]
[EventCountry "BIH"]
[SourceTitle "CBM 186 Extra"]
[Source "ChessBase"]
[SourceDate "2018.08.24"]
[SourceVersion "1"]
[SourceVersionDate "2018.08.24"]
[SourceQuality "1"]
[WhiteTeam "Dvorovi"]
[BlackTeam "Petrovo Ozren"]
[WhiteTeamCountry "BIH"]
[BlackTeamCountry "BIH"]

1. e4 c6 2. d4 d5 3. exd5 cxd5 4. Bd3 Nf6 5. c3 Bg4 6. Qb3 Qd7 7. Ne2 e6 8. Bf4 Be7 9. Bxb8 0-0 10. Bf4 Bxe2 11. Bxe2 Ne4 12. f3 g5 13. fxe4 gxf4 14. 0-0 Bg5 15. Nd2 Kh8 16. Nf3 Bh6 17. Ne5 Qe7 18. exd5 exd5 19. Qxd5 Rad8 20. Qf3 f6 21. Nd3 Rde8 22. Rae1 Qd6 23. Bd1 Re3 24. Rxe3 fxe3 25. Qxb7 Qe6 26. Nc5 Qxa2 27. Qb3 Qa5 28. Nd7 Qa6 29. Qc2 Rf7 30. Nc5 Qd6 31. Qf5 Qe7 32. Qe6 Qxe6 33. Nxe6 f5 34. g3 1-0

[Event "Srpska Republic-chT 1st League"]
[Site "Banja Dvorovi"]
[Date "2018.08.09"]
[Round "6.5"]
[White "Djurdjevic, Boris"]
[Black "Tomic, Jelena"]
[Result "1/2-1/2"]
[WhiteElo "2171"]
[BlackElo "1843"]
[PlyCount "53"]
[EventDate "2018.08.04"]
[EventType "team-tourn"]
[EventRounds "9"]
[EventCountry "BIH"]
[SourceTitle "CBM 186 Extra"]
[Source "ChessBase"]
[SourceDate "2018.08.24"]
[SourceVersion "1"]
[SourceVersionDate "2018.08.24"]
[SourceQuality "1"]
[WhiteTeam "Derventa"]
[BlackTeam "Dvorovi"]
[WhiteTeamCountry "BIH"]
[BlackTeamCountry "BIH"]

1. Nf3 Nf6 2. d4 e6 3. c4 Bb4+ 4. Nbd2 b6 5. e3 Bb7 6. Be2 0-0 7. 0-0 d5 8. a3 Be7 9. b4 a5 10. Rb1 axb4 11. axb4 dxc4 12. Bxc4 Ne4 13. Qc2 Nxd2 14. Nxd2 Bd6 15. f4 Qe7 16. b5 f5 17. e4 Kh8 18. e5 Bb4 19. Qb3 Bxd2 20. Bxd2 Re8 21. Bb4 Qf7 22. Rbd1 c6 23. Bd6 Nd7 24. Be2 c5 25. Bf3 Bxf3 26. Qxf3 Rac8 27. dxc5 1/2-1/2

[Event "Srpska Republic-chT 1st League"]
[Site "Banja Dvorovi"]
[Date "2018.08.04"]
[Round "1.3"]
[White "Perisic, Boris"]
[Black "Tomic, Jelena"]
[Result "1/2-1/2"]
[WhiteElo "2137"]
[BlackElo "1843"]
[PlyCount "83"]
[EventDate "2018.08.04"]
[EventType "team-tourn"]
[EventRounds "9"]
[EventCountry "BIH"]
[SourceTitle "CBM 186 Extra"]
[Source "ChessBase"]
[SourceDate "2018.08.24"]
[SourceVersion "1"]
[SourceVersionDate "2018.08.24"]
[SourceQuality "1"]
[WhiteTeam "Bileca Hercegovac"]
[BlackTeam "Dvorovi"]
[WhiteTeamCountry "BIH"]
[BlackTeamCountry "BIH"]

1. Nf3 Nf6 2. g3 b6 3. Bg2 Bb7 4. 0-0 e6 5. d4 Be7 6. c4 0-0 7. Nc3 Ne4 8. Qc2 Nxc3 9. Qxc3 Be4 10. b3 d6 11. Bb2 Nd7 12. Rad1 Nf6 13. Nd2 Bxg2 14. Kxg2 d5 15. f3 c5 16. dxc5 Bxc5 17. cxd5 exd5 18. b4 Bd6 19. e4 Re8 20. f4 Qe7 21. e5 Bxb4 22. Qf3 Ne4 23. Nxe4 dxe4 24. Qxe4 Rac8 25. f5 Bc3 26. Bxc3 Rxc3 27. Rfe1 Qc5 28. Re2 Qc6 29. Qxc6 Rxc6 30. Rd7 a5 31. g4 h6 32. Kf3 Rc3+ 33. Ke4 Rc4+ 34. Rd4 Rc5 35. Kf4 Re7 36. e6 fxe6 37. fxe6 g5+ 38. Kg3 Rc3+ 39. Kg2 Rc6 40. Rde4 Kg7 41. a4 Kf6 42. Rf2+ 1/2-1/2

[Event "Paracin Summer op-B 11th"]
[Site "Paracin"]
[Date "2018.07.07"]
[Round "3"]
[White "Tomic, Jelena"]
[Black "Brankovan, Mario"]
[Result "0-1"]
[WhiteElo "1863"]
[BlackElo "1919"]
[PlyCount "110"]
[EventDate "2018.07.06"]
[EventType "swiss"]
[EventRounds "9"]
[EventCountry "SRB"]
[SourceTitle "EXT 2019"]
[Source "ChessBase"]
[SourceDate "2018.10.10"]
[SourceVersion "1"]
[SourceVersionDate "2018.10.10"]
[SourceQuality "1"]

1. e4 e5 2. Nf3 Qe7 3. Bc4 h6 4. Nc3 c6 5. 0-0 d6 6. h3 Nf6 7. Re1 g5 8. Nh2 Rg8 9. Ng4 Nbd7 10. Ne3 Nb6 11. Be2 Be6 12. Ng4 Nbd7 13. d4 Bxg4 14. Bxg4 Nxg4 15. hxg4 exd4 16. Qxd4 Bg7 17. Qd2 Qe6 18. f3 0-0-0 19. Ne2 Be5 20. Nd4 Qf6 21. Nf5 Nc5 22. c4 Ne6 23. Rd1 Ng7 24. Nxg7 Rxg7 25. Rb1 Rh8 26. Qf2 b6 27. Be3 h5 28. gxh5 Rxh5 29. Kf1 Qe6 30. b3 f5 31. exf5 Qxf5 32. Rbc1 Rh2 33. Qc2 Qe6 34. Qe4 Kc7 35. b4 Rh4 36. Qd3 Bg3 37. Qd2 Re7 38. Rc3 Rxc4 39. Ra3 Kb7 40. Bxg5 Rh7 41. Be3 d5 42. Rb3 d4 43. Bg1 Rh1 44. Rb2 Bh2 45. Kf2 Qe3+ 46. Qxe3 dxe3+ 47. Kxe3 Rxg1 48. Rd7+ Bc7 49. Kf2 Rcc1 50. f4 Rgf1+ 51. Kg3 Rc3+ 52. Kg4 Rxf4+ 53. Kg5 Rg3+ 54. Kh5 Rf1 55. Rd4 Rf8 0-1

[Event "Sarajevo Bosna op 48th"]
[Site "Sarajevo"]
[Date "2018.05.05"]
[Round "1"]
[White "Tomic, Jelena"]
[Black "Marjanovic, Dejan"]
[Result "0-1"]
[WhiteElo "1881"]
[BlackElo "2391"]
[PlyCount "86"]
[EventDate "2018.05.05"]
[EventType "swiss"]
[EventRounds "9"]
[EventCountry "BIH"]
[SourceTitle "CBM 184 Extra"]
[Source "ChessBase"]
[SourceDate "2018.06.28"]
[SourceVersion "1"]
[SourceVersionDate "2018.06.28"]
[SourceQuality "1"]

1. e4 d6 2. d4 Nf6 3. Nc3 Nbd7 4. Nf3 e5 5. dxe5 dxe5 6. Bc4 Bb4 7. 0-0 0-0 8. Bg5 c6 9. Ne2 h6 10. Bxf6 Qxf6 11. Ng3 a5 12. a3 Bc5 13. Qe2 b5 14. Bd3 Re8 15. Rad1 Nf8 16. h3 Ne6 17. Nh5 Qe7 18. c3 g6 19. Ng3 Nf4 20. Qc2 Qf6 21. Be2 Qe6 22. Nh2 h5 23. Bf3 Qf6 24. Rfe1 Qg5 25. Kh1 a4 26. Ngf1 Be6 27. Rd2 Bb3 28. Qc1 Rad8 29. Rxd8 Rxd8 30. g3 Nxh3 31. Qxg5 Nxg5 32. Kg2 Be6 33. Re2 Bh3+ 34. Kg1 Rd1 35. Bg2 Be6 36. Rd2 Rb1 37. Kh1 Nh3 38. Bxh3 Bxh3 39. Kg1 Kg7 40. Rc2 g5 41. Rd2 h4 42. g4 Bxf1 43. Nxf1 h3 0-1

[Event "Srpska Republic-chT 1st League"]
[Site "Banja Dvorovi"]
[Date "2017.08.20"]
[Round "9.4"]
[White "Tomic, Jelena"]
[Black "Micic, Vlado"]
[Result "0-1"]
[WhiteElo "1838"]
[BlackElo "2080"]
[PlyCount "82"]
[EventDate "2017.08.12"]
[EventType "team-tourn"]
[EventRounds "9"]
[EventCountry "BIH"]
[SourceTitle "EXT 2019"]
[Source "ChessBase"]
[SourceDate "2018.10.10"]
[SourceVersion "1"]
[SourceVersionDate "2018.10.10"]
[SourceQuality "1"]
[WhiteTeam "Dvorovi"]
[BlackTeam "Zvornik Drina"]
[WhiteTeamCountry "BIH"]
[BlackTeamCountry "BIH"]

1. e4 d6 2. d4 c6 3. Nf3 Nd7 4. Nc3 Ngf6 5. Be2 e5 6. dxe5 dxe5 7. 0-0 Be7 8. h3 b5 9. a3 0-0 10. Be3 Qc7 11. Re1 Rd8 12. Bd3 a5 13. Qe2 Nc5 14. Nd2 Be6 15. Bxc5 Bxc5 16. Nd1 Nd7 17. Ne3 Nf8 18. Ng4 Ng6 19. g3 Qd7 20. Rad1 h5 21. Nh2 h4 22. g4 Nf4 23. Qf3 Qa7 24. Bf1 g5 25. Bg2 Rd7 26. Ndf1 Rad8 27. Rxd7 Qxd7 28. Ne3 Qa7 29. Nhf1 a4 30. Rd1 Rd7 31. Rb1 f6 32. Nf5 Bc4 33. Re1 b4 34. axb4 Bxb4 35. c3 Bc5 36. N1e3 Bd3 37. Bf1 Qb7 38. Nd5 cxd5 39. Bxd3 Qxb2 40. Be2 a3 41. exd5 a2 0-1

[Event "Srpska Republic-chT 1st League"]
[Site "Banja Dvorovi"]
[Date "2017.08.18"]
[Round "7.3"]
[White "Tomic, Jelena"]
[Black "Adzic, Mitar"]
[Result "1-0"]
[WhiteElo "1838"]
[BlackElo "2015"]
[PlyCount "121"]
[EventDate "2017.08.12"]
[EventType "team-tourn"]
[EventRounds "9"]
[EventCountry "BIH"]
[SourceTitle "EXT 2019"]
[Source "ChessBase"]
[SourceDate "2018.10.10"]
[SourceVersion "1"]
[SourceVersionDate "2018.10.10"]
[SourceQuality "1"]
[WhiteTeam "Dvorovi"]
[BlackTeam "Gacko Mladost"]
[WhiteTeamCountry "BIH"]
[BlackTeamCountry "BIH"]

1. e4 Nf6 2. e5 Nd5 3. d4 d6 4. c4 Nb6 5. exd6 cxd6 6. Nf3 g6 7. b3 Bg7 8. Bb2 0-0 9. Bd3 Nc6 10. 0-0 a5 11. Re1 Re8 12. Be4 d5 13. cxd5 Nxd5 14. Nc3 Nxc3 15. Bxc3 Qb6 16. h3 Be6 17. Rc1 f5 18. Bxc6 Qxc6 19. Bxa5 Qd7 20. Qd2 Bd5 21. Ne5 Bxe5 22. Rxe5 Rec8 23. Rc5 e6 24. Re1 Rc6 25. Rec1 Qg7 26. b4 g5 27. b5 Rxc5 28. dxc5 h6 29. Bc3 Qe7 30. Qd4 Kh7 31. a4 Rg8 32. Qf6 Qxf6 33. Bxf6 g4 34. h4 g3 35. f3 Kg6 36. Be5 Rc8 37. Bxg3 Kf6 38. Bd6 e5 39. a5 Ke6 40. Kf2 h5 41. Ra1 e4 42. fxe4 Bxe4 43. Ra3 Rg8 44. Rg3 Rxg3 45. Kxg3 Bd3 46. b6 Kd7 47. Kf4 Kc6 48. g3 Kb5 49. Kg5 Be2 50. Kf6 Bf3 51. Kxf5 Kxa5 52. Ke6 Bg4+ 53. Kd5 Kb5 54. Be7 Bf3+ 55. Kd6 Kc4 56. Bg5 Kb5 57. Be3 Ka5 58. g4 Bxg4 59. c6 Ka6 60. c7 Kb5 61. Ke7 1-0

[Event "Paracin Summer op-B 10th"]
[Site "Paracin"]
[Date "2017.07.07"]
[Round "1"]
[White "Tonic, Milos"]
[Black "Tomic, Jelena"]
[Result "1/2-1/2"]
[WhiteElo "2053"]
[BlackElo "1719"]
[PlyCount "89"]
[EventDate "2017.07.07"]
[EventType "swiss"]
[EventRounds "9"]
[EventCountry "SRB"]
[SourceTitle "EXT 2020"]
[Source "ChessBase"]
[SourceDate "2019.10.17"]
[SourceVersion "1"]
[SourceVersionDate "2019.10.17"]
[SourceQuality "1"]

1. c4 e6 2. Nc3 Nf6 3. Nf3 Be7 4. e4 d5 5. cxd5 exd5 6. exd5 Nxd5 7. Bc4 Nxc3 8. bxc3 0-0 9. 0-0 Bg4 10. h3 Bh5 11. Rb1 Nc6 12. d4 Bf6 13. Rb5 Bg6 14. Bd3 Rb8 15. Bxg6 hxg6 16. Qb3 b6 17. Qd5 Na5 18. Qxd8 Rfxd8 19. Bf4 Rbc8 20. Re1 c6 21. Rbb1 c5 22. Rbd1 cxd4 23. cxd4 Rc2 24. d5 Nb7 25. g4 Kf8 26. d6 Rd7 27. g5 Bc3 28. Re4 b5 29. Rd5 a6 30. a3 f6 31. Re3 Bb2 32. Nd4 Rc4 33. Ne2 Bc1 34. Nxc1 Rxf4 35. Nd3 Rc4 36. gxf6 gxf6 37. Rf3 Kg7 38. Nb4 Nc5 39. Re3 Kf7 40. Nc6 Ne6 41. Nb8 Rd8 42. Nxa6 Rc6 43. Nb4 Rb6 44. Re1 Rd7 45. Kh2 1/2-1/2

[Event "Sarajevo Bosna op 47th"]
[Site "Sarajevo"]
[Date "2017.05.14"]
[Round "2"]
[White "Slamar, Velimir"]
[Black "Tomic, Jelena"]
[Result "1-0"]
[WhiteElo "2059"]
[BlackElo "1751"]
[PlyCount "55"]
[EventDate "2017.05.13"]
[EventType "swiss"]
[EventRounds "9"]
[EventCountry "BIH"]
[SourceTitle "CBM 178 Extra"]
[Source "ChessBase"]
[SourceDate "2017.06.22"]
[SourceVersion "1"]
[SourceVersionDate "2017.06.22"]
[SourceQuality "1"]

1. d4 Nf6 2. Nf3 e6 3. c4 d5 4. g3 Be7 5. Bg2 0-0 6. 0-0 b6 7. cxd5 exd5 8. Nc3 Bb7 9. Bf4 a6 10. Ne5 Nc6 11. Rc1 Na5 12. Qa4 c6 13. Rfd1 Bd6 14. e4 Rc8 15. Bg5 Be7 16. Be3 Re8 17. Qc2 Nd7 18. b3 Nxe5 19. dxe5 Ba3 20. Rb1 Rxe5 21. Bh3 Ra8 22. exd5 cxd5 23. Na4 b5 24. Nc5 Bc8 25. Bxc8 Rxc8 26. Bd4 Re4 27. b4 Qc7 28. Qd3 1-0

[Event "EU-ch U16 Girls 26th"]
[Site "Prague"]
[Date "2016.08.27"]
[Round "9"]
[White "Greibrokk, Ingrid Andrea"]
[Black "Tomic, Jelena"]
[Result "1-0"]
[WhiteElo "1912"]
[BlackElo "1631"]
[PlyCount "71"]
[EventDate "2016.08.18"]
[EventType "swiss"]
[EventRounds "9"]
[EventCountry "CZE"]
[SourceTitle "CBM 174 Extra"]
[Source "ChessBase"]
[SourceDate "2016.10.10"]
[SourceVersion "1"]
[SourceVersionDate "2016.10.10"]
[SourceQuality "1"]

1. e4 d5 2. exd5 Qxd5 3. Nf3 Nf6 4. d4 c6 5. c4 Qd8 6. Be2 Bf5 7. Nc3 e6 8. 0-0 Bd6 9. h3 0-0 10. Nh4 Bg6 11. Nxg6 hxg6 12. Bg5 Be7 13. Bf3 Qb6 14. Rb1 Rd8 15. d5 exd5 16. cxd5 c5 17. Re1 Qc7 18. Nb5 Qd7 19. d6 Qxb5 20. Rxe7 Nc6 21. Rc7 Rab8 22. Bxf6 gxf6 23. Bxc6 bxc6 24. Qd2 Qc4 25. Rd1 Qxa2 26. d7 Rxb2 27. Qf4 Qb3 28. Re1 Rb1 29. Rxb1 Qxb1+ 30. Kh2 Qd3 31. Qxf6 Rf8 32. Qxc6 Kg7 33. Rc8 Qd4 34. Rxf8 Kxf8 35. Qa8+ Kg7 36. d8Q 1-0

[Event "EU-ch U16 Girls 26th"]
[Site "Prague"]
[Date "2016.08.18"]
[Round "1"]
[White "Grigoryan, Arpine"]
[Black "Tomic, Jelena"]
[Result "1-0"]
[WhiteElo "1964"]
[BlackElo "1631"]
[PlyCount "67"]
[EventDate "2016.08.18"]
[EventType "swiss"]
[EventRounds "9"]
[EventCountry "CZE"]
[SourceTitle "CBM 174 Extra"]
[Source "ChessBase"]
[SourceDate "2016.10.10"]
[SourceVersion "1"]
[SourceVersionDate "2016.10.10"]
[SourceQuality "1"]

1. e4 d5 2. exd5 Qxd5 3. Nc3 Qa5 4. d4 Nf6 5. Nf3 c6 6. h3 Bf5 7. Bd2 Nbd7 8. Bc4 e6 9. Qe2 Qc7 10. g4 Bg6 11. 0-0-0 0-0-0 12. Ne5 Nxe5 13. dxe5 Nd5 14. f4 Nxc3 15. Bxc3 Bc5 16. Qf3 h6 17. f5 exf5 18. gxf5 Bh7 19. e6 f6 20. Rde1 Qe7 21. Qg4 Rd6 22. Bd3 Rhd8 23. Qc4 Rd5 24. Be4 b5 25. Qe2 R5d6 26. Ba5 Bb6 27. Bxb6 axb6 28. Qf3 Kc7 29. Rhg1 Rg8 30. Re3 g6 31. fxg6 Rxe6 32. Qf4+ Kb7 33. Rge1 Bxg6 34. Bxc6+ 1-0

[Event "BIH-chT (Women) 13th"]
[Site "Prijedor"]
[Date "2015.09.06"]
[Round "2.4"]
[White "Kokanovic, Zana"]
[Black "Tomic, Jelena"]
[Result "1/2-1/2"]
[WhiteElo "1492"]
[BlackElo "1558"]
[PlyCount "101"]
[EventDate "2015.09.05"]
[EventType "team-tourn"]
[EventRounds "3"]
[EventCountry "BIH"]
[SourceTitle "EXT 2016"]
[Source "ChessBase"]
[SourceDate "2015.10.08"]
[SourceVersion "1"]
[SourceVersionDate "2015.10.08"]
[SourceQuality "1"]
[WhiteTeam "Prijedor Rudar (W)"]
[BlackTeam "Dvorovi (W)"]
[WhiteTeamCountry "BIH"]
[BlackTeamCountry "BIH"]

1. d4 Nf6 2. c4 e6 3. Nc3 d5 4. Nf3 Be7 5. Bg5 0-0 6. Qc2 Nbd7 7. e3 h6 8. h4 hxg5 9. hxg5 Ne4 10. Nxe4 dxe4 11. Qxe4 Bb4+ 12. Ke2 Re8 13. Qh7+ Kf8 14. g6 Nf6 15. Qh8+ Ng8 16. gxf7 Kxf7 17. Qh5+ Kf8 18. Ne5 Nh6 19. Qg6 Qe7 20. Rh3 Bd6 21. g4 Bxe5 22. dxe5 Nf7 23. f4 Qb4 24. Rh7 Ke7 25. Rxg7 Qxc4+ 26. Kf3 Qc6+ 27. Kg3 Rf8 28. Rd1 Bd7 29. Qf6+ Ke8 30. g5 Qe4 31. Rd3 Qf5 32. g6 Qxf6 33. exf6 Nd6 34. f7+ Ke7 35. Rh7 Nf5+ 36. Kf2 Bb5 37. Rd1 Bxf1 38. Rxf1 Kf6 39. Rg1 Ne7 40. Rh6 Nf5 41. Rh7 Nd6 42. Kf3 Rfd8 43. e4 e5 44. fxe5+ Kxe5 45. g7 Nxf7 46. g8Q Rxg8 47. Rxg8 Rxg8 48. Rxf7 Kd6 49. b4 Re8 50. Kf4 Re6 51. Kf5 1/2-1/2

[Event "BIH-chT (Women) 13th"]
[Site "Prijedor"]
[Date "2015.09.05"]
[Round "1.4"]
[White "Maksimovic, Masa"]
[Black "Tomic, Jelena"]
[Result "1-0"]
[WhiteElo "1898"]
[BlackElo "1558"]
[PlyCount "53"]
[EventDate "2015.09.05"]
[EventType "team-tourn"]
[EventRounds "3"]
[EventCountry "BIH"]
[SourceTitle "EXT 2016"]
[Source "ChessBase"]
[SourceDate "2015.10.08"]
[SourceVersion "1"]
[SourceVersionDate "2015.10.08"]
[SourceQuality "1"]
[WhiteTeam "Sarajevo Slavija (W)"]
[BlackTeam "Dvorovi (W)"]
[WhiteTeamCountry "BIH"]
[BlackTeamCountry "BIH"]

1. Nf3 Nf6 2. g3 b6 3. Bg2 Bb7 4. 0-0 e6 5. c4 Be7 6. Nc3 0-0 7. d4 Ne4 8. Qc2 Nxc3 9. Qxc3 Bf6 10. Bf4 d6 11. Qc2 Nd7 12. e4 e5 13. Be3 exd4 14. Nxd4 Qe7 15. e5 Nxe5 16. Bxb7 c5 17. Bxa8 Rxa8 18. Qe4 Re8 19. Nf3 Qd7 20. Nxe5 Bxe5 21. Qd3 Qh3 22. Rad1 Re6 23. f4 Bf6 24. Rde1 g6 25. Bf2 Bxb2 26. Rxe6 Qxe6 27. Re1 1-0

[Event "Sarajevo Bosna op 45th"]
[Site "Sarajevo"]
[Date "2015.06.04"]
[Round "8"]
[White "Tomic, Jelena"]
[Black "Johnen, Franz"]
[Result "0-1"]
[WhiteElo "1333"]
[BlackElo "1717"]
[PlyCount "94"]
[EventDate "2015.05.30"]
[EventType "swiss"]
[EventRounds "9"]
[EventCountry "BIH"]
[SourceTitle "CBM 166 Extra"]
[Source "ChessBase"]
[SourceDate "2015.06.18"]
[SourceVersion "1"]
[SourceVersionDate "2015.06.18"]
[SourceQuality "1"]

1. e4 c5 2. c3 d6 3. d4 Nc6 4. d5 Nb8 5. c4 Nf6 6. Nc3 a6 7. Bd3 Bg4 8. Nge2 e5 9. Be3 Be7 10. 0-0 0-0 11. Qd2 h6 12. f4 Nbd7 13. f5 Nh7 14. Ng3 Bh4 15. Nge2 Bg5 16. h3 Bxe2 17. Nxe2 Bxe3+ 18. Qxe3 Qg5 19. Qf3 Ndf6 20. Ng3 h5 21. Kh2 h4 22. Ne2 Qh6 23. Rg1 Qd2 24. Rgd1 Qxb2 25. Rdb1 Qd2 26. Rd1 Qh6 27. Qf2 g5 28. g3 hxg3+ 29. Qxg3 Nh5 30. Qf2 Kh8 31. Rab1 Rab8 32. Rb6 Nf4 33. Nxf4 gxf4 34. Rg1 Rg8 35. Be2 Rxg1 36. Qxg1 Rg8 37. Qf1 Qh4 38. Rb3 Rg3 39. Rxg3 Qxg3+ 40. Kh1 Ng5 41. Qg2 Qe1+ 42. Kh2 f6 43. Bd3 f3 44. Qg4 Qd2+ 45. Kh1 Qxd3 46. h4 Qxe4 47. Qh5+ Kg7 0-1

[Event "Sarajevo Bosna op 45th"]
[Site "Sarajevo"]
[Date "2015.06.03"]
[Round "7"]
[White "Becirbasic, Atif"]
[Black "Tomic, Jelena"]
[Result "1-0"]
[WhiteElo "1843"]
[BlackElo "1333"]
[PlyCount "77"]
[EventDate "2015.05.30"]
[EventType "swiss"]
[EventRounds "9"]
[EventCountry "BIH"]
[SourceTitle "CBM 166 Extra"]
[Source "ChessBase"]
[SourceDate "2015.06.18"]
[SourceVersion "1"]
[SourceVersionDate "2015.06.18"]
[SourceQuality "1"]

1. d4 Nf6 2. Nf3 e6 3. c4 d5 4. Nc3 b6 5. g3 Be7 6. Bg2 Bb7 7. 0-0 0-0 8. Ne5 Nbd7 9. b3 Rc8 10. Bb2 c5 11. e3 Qc7 12. Nb5 Qb8 13. Nxd7 Nxd7 14. dxc5 bxc5 15. cxd5 Ba6 16. dxe6 Bxb5 17. exd7 Rcd8 18. Qg4 g6 19. Rfd1 Qc7 20. Qe4 Bd6 21. Bf6 Rxd7 22. Bh3 Bc6 23. Qh4 Be5 24. Bxd7 Bxd7 25. Rxd7 Qxd7 26. Bxe5 f6 27. Qc4+ Kg7 28. Bb2 Qd6 29. Rc1 Rc8 30. b4 Rb8 31. bxc5 Qd2 32. Ba1 Rb4 33. Qc3 Qxc3 34. Bxc3 Rb8 35. c6 Rc8 36. c7 Kf7 37. Bd4 a5 38. Bb6 a4 39. Rd1 1-0